00395nam a2200109Ia 4500008004100000100002000041245005300061260006900114300001100183650002300194856006800217160712s9999 xx 000 0 und d aRiddle, Julz E. cJulz E. RiddleaIlang Bersiyon ng Isang Paglimot c2013bLikhaan: The Journal of Contemporary Philippine Literature avol. 7 xFICTION/NONFICTION uhttp://journals.upd.edu.ph/index.php/lik/issue/view/537/showToc